000 00992nam a2200277 a 4500
008
020 _a9780434913749 (hardback)
040 _aNUST
_cNUST
049 _aMAIN
090 _aTD370
_bNEW
100 1 _aNewman, P. J.,
_aauthor.
245 1 0 _aClassification of surface water quality :
_breview of schemes used in EC member states /
_cP.J. Newman.
260 _aOxford :
_bHeinemann Professional,
_c1988.
300 _axii, 189 pages :
_billustrations (some colour) ;
_c31 cm.
336 _atext
_btxt
_2rdacontent
337 _aunmediated
_bn
_2rdamedia
338 _avolume
_bnc
_2rdacarrier
500 _aIncludes index.
504 _aIncludes bibliographical references.
650 0 _aWater quality management
_zEuropean Economic Community countries.
650 0 _aWater quality
_zEuropean Economic Community countries.
907 _a.b10175209
_b04-04-22
_c12-09-05
003
005 20230123134107.0
942 _cBOOKS
_kTD370
_mNEW
999 _c159926
_d159926